| 000 | 00481 a2200169 4500 | ||
|---|---|---|---|
| 020 | _a817473029 | ||
| 040 |
_aDLC _bDLC |
||
| 082 | 0 | 0 | _a808.0666 |
| 100 | 1 | _aPauley, Steven E. | |
| 245 | 1 | 0 |
_aTechnical report writing today _cSteven E. Pauley, Daniel G. Riordan. |
| 250 | _a4th ed. | ||
| 260 |
_aBoston : _bHoughton Mifflin Co., _cc1993. |
||
| 300 |
_axxii, 481 p. : _bill. ; _c24 cm. |
||
| 650 | 0 | _aTechnical writing. | |
| 700 | 1 | _aRiordan, Daniel G. | |
| 942 |
_cBK _k808.0666 PAU _2ddc |
||
| 999 |
_c4917 _d4917 |
||